000
00307nam a2200133Ia 4500
008
260604s9999 xx 000 0 und d
020
_a
9789349908178
082
_a
891.433 CHA
100
_a
CHATURVVEDI
_9
35281
245
0
_a
BHASHA-VIGNAN ()HINDI)
260
_b
DPS
500
_a
Bhasha Vignan
942
_c
BK
999
_c
8047
_d
8047